Ελληνικό Microsoft Office για Windows 95

Saved in:
Bibliographic Details
Main Author: Aitken, Peter G.
Other Authors: Γκαγκάτσιου, Ελένη (trlf)
Format: Book
Language:Greek
English
Published: Αθήνα : Μόσχος Γκιούρδας, 1996.
Subjects:
Tags: Add Tag
No Tags, Be the first to tag this record!

MARC

LEADER 00000cam a2200000 i 4500
001 1/45853
008 980525s1996 gr | ||| |||| ||gre||
020 |a 9605120542  
035 |l 10042648 
040 |a GR-MyUA  |b gre  |e AACR2 
041 1 |a gre  |h eng 
082 0 |a 005.369 
100 1 |a Aitken, Peter G. 
245 1 0 |a Ελληνικό Microsoft Office για Windows 95 /   |c Peter G. Aitken ; απόδοση Ε. Γκαγκάτσιου.  
260 |a Αθήνα :   |b Μόσχος Γκιούρδας,   |c 1996.  
300 |a xvi, 559 σ. :   |b εικ. ;   |c 24 εκ.  
500 |a Τίτλος πρωτοτύπου: The point and click guide to Microsoft office 
504 |a Περιέχει ευρετήριο 
630 0 0 |a Microsoft Office. 
630 0 0 |a Microsoft Excel (Computer file) 
630 0 0 |a Microsoft Word. 
630 0 0 |a Microsoft PowerPoint (Computer file) 
650 0 0 |a Word processing. 
650 0 0 |a Business  |x Computer programs. 
650 0 0 |a Electronic spreadsheets. 
700 1 |a Γκαγκάτσιου, Ελένη,  |e trlf 
852 |a INST  |b SAMOS  |e 19980525  |h 005.369 AIT  |p 005300011390  |q 005300011390  |t BK  |y 0 
901 |a BIBL-1998-2 
909 |a Σ  |b 055873 
922 |a 3ΕΛΗ  |b 199804  |c ΚΠΣ  |d EMVASIS